Well-Known Movie by Tough Image III Quiz Stats

 Plays Quiz Updated Oct 25, 2015

Score 0/24 Timer 08:00
9 Plays Today
% Correct
Star Wars: Episode IV - A New Hope
74.1%
The Lion King
73.8%
Jurassic Park
68.4%
Cast Away
63%
The Sound of Music
59%
Predator
57.8%
Toy Story 2
53.5%
Back to the Future
50.2%
Dances With Wolves
46.1%
Blade Runner
42.9%
Rear Window
40%
Pretty Woman
39.9%
% Correct
Indiana Jones and the Temple of Doom
38.7%
Full Metal Jacket
35.4%
There's Something About Mary
33.1%
Jumanji
31.3%
Alice in Wonderland
31%
The Princess Bride
30.2%
The Departed
29.6%
Pulp Fiction
27.2%
A Clockwork Orange
25%
Fargo
24.8%
Meet the Parents
18.2%
Donnie Darko
15.5%

You're not logged in!

Compare scores with friends on all Sporcle quizzes.
OR
Log In

You Might Also Like...

Show Comments

Extras

Top Quizzes Today


Score Distribution

Your Account Isn't Verified!

In order to create a playlist on Sporcle, you need to verify the email address you used during registration. Go to your Sporcle Settings to finish the process.

Report this User

Report this user for behavior that violates our Community Guidelines.

Details: